| 000 | 01281 am a2200337 a 4500 | ||
|---|---|---|---|
| 005 | 20240227133537.0 | ||
| 008 | 100604s1993||||ag a f |||| 001 0 spa d | ||
| 020 | _a9500607719 | ||
| 041 | _aspa | ||
| 092 |
_c616.5 _l10 _sCAN |
||
| 245 |
_aCáncer de piel / _cRobert J. Friedman. |
||
| 250 |
_a1a ed. _bTraducción Nora Meeroff. |
||
| 260 |
_aBuenos Aires: _bEditorial Médica Panamericana; _c1993. |
||
| 300 | _a623 p. | ||
| 500 | _aFriedman, R. J. et al. (1993). Cáncer de piel. (1a ed.). Buenos Aires : Editorial Médica Panamericana. | ||
| 653 | _aPrincipios generales de los cánceres de la piel | ||
| 653 | _aNeoplasias queratinocíticas | ||
| 653 | _aNeoplasias melanocíticas | ||
| 653 | _aOtros cánceres de piel | ||
| 653 | _aProcesos malignos linforreticulares con compromiso cutáneo | ||
| 653 | _aOtras manifestaciones cutáneas de procesos malignos | ||
| 653 | _aSimuladores clínicos e histológicos de cáncer de piel | ||
| 653 | _aConsideraciones terapéuticas en el tratamiento de pacientes con cáncer de piel | ||
| 700 | 1 |
_aFriedman, Robert J. _91249 |
|
| 700 | 1 |
_aRigel, Darrel S. _91250 |
|
| 700 | 1 |
_aKopf, Alfred W. _91251 |
|
| 700 | 1 |
_aHarris, Mathew N. _91252 |
|
| 700 | 1 |
_aBaker, Daniel. _91253 |
|
| 930 | _a1722 | ||
| 942 |
_2ddc _cBK |
||
| 999 |
_c346 _d346 |
||